ბათუმის შოთა რუსთაველის სახელმწიფო უნივერსიტეტის ბიბლიოთეკა

გარეჯის ყვავილები : 6000 გარეჯელი მოწამე, წმინდა იოსებ კათალიკოსი, ღირსი სვიმეონი - წინასწარმეტყველი და საკვირველმოქმედი ნეტარი ქრისტესია, ქრისტეფორედ წოდებული, ღირსი ექვთიმე - ნათლისმცემლის მონასტრის წინამძღვარი, ღირსი სერაპიონ საკვირველმოქმედი, ღირსი ონოფრე გარეჯელი, ღირსი მამები: შიო ახალი, დავით მწირი, გაბრიელ და პავლე გარეჯელები / (ბიბ.ჩანაწერი № 44973)

000 -ლიდერი
ფიქსირებული სიგრძის საკონტროლო ველი 02382nam a2200289Ia 4500
001 - საკონტროლო ნომერი
საკონტროლო ველი 11794
003 - საკონტროლო ნომრის იდენტიფიკატორი
საკონტროლო ველი GE_BSU
005 - ბოლო ოპერაციის თარიღი და დრო
საკონტროლო ველი 20240621105856.0
008 - ფიქსირებული სიგრძის მონაცემთა ელემენტები - ზოგადი ინფორმაცია
ფიქსირებული სიგრძის საკონტროლო ველი 181216s2014||||ge |||||||||||||| ||geo||
020 ## - წიგნის საერთაშორისო სტანდარტული ნომერი
International Standard Book Number 878-9941-21-673-3
040 ## - კატალოგიზაციის წყარო
Transcribing agency GE_BSU
041 ## - ენის კოდი
Language code of text/sound track or separate title geo
080 ## - უნივერსალური ათობითი კლასიფიკაციის ინდექსი
Universal Decimal Classification number 27-788-055.1 გ-212
245 ## - ცნობა სათაურის შესახებ
Title გარეჯის ყვავილები : 6000 გარეჯელი მოწამე, წმინდა იოსებ კათალიკოსი, ღირსი სვიმეონი - წინასწარმეტყველი და საკვირველმოქმედი ნეტარი ქრისტესია, ქრისტეფორედ წოდებული, ღირსი ექვთიმე - ნათლისმცემლის მონასტრის წინამძღვარი, ღირსი სერაპიონ საკვირველმოქმედი, ღირსი ონოფრე გარეჯელი, ღირსი მამები: შიო ახალი, დავით მწირი, გაბრიელ და პავლე გარეჯელები /
Statement of responsibility, etc შემდგ. კახაბერ კენკიშვილი.
264 ## - წარმოების, გამოცემის, დისტრიბუციის და სხვა ცნობები
გამოცემის, წარმოების, დისტრიბუციის... ადგილი თბილისი :
გამოცემის, წარმოების, დისტრიბუციის... სახელწოდება პალიტრა L,
გამოცემის, წარმოების, დისტრიბუციის... თარიღი 2014.
300 ## - ფიზიკური აღწერა
Extent 165 გვ. ;
Dimensions 20 სმ.
490 ## - სერიის ცნობა
Series statement საქართველოს იმედი : ყველა წმინდანი, რომელთა შესახებაც უნდა იცოდე, 2298-0547 / პროექტის რედ. თამარ მამაცაშვილი ;
Volume number/sequential designation წ. 50.
500 ## - ზოგადი შენიშვნა
General note იბეჭდება სრ. საქ. კათოლიკოს-პატრიარქის ილია II-ის ლოცვა-კურთხევით
504 ## - BIBLIOGRAPHY, ETC. NOTE
Bibliography, etc ბიბლიოგრ. : გვ. 164
653 ## - INDEX TERM--UNCONTROLLED
Uncontrolled term რელიგია
653 ## - INDEX TERM--UNCONTROLLED
Uncontrolled term ქართველი წმინდანები
653 ## - INDEX TERM--UNCONTROLLED
Uncontrolled term ქართველი ბერები
700 ## - ADDED ENTRY--PERSONAL NAME
Personal name კენკიშვილი, კახაბერ
Relator term შემდგენელი
9 (RLIN) 22529
700 ## - ADDED ENTRY--PERSONAL NAME
Personal name მამაცაშვილი, თამარ
Relator term პროექტის რედაქტორი
9 (RLIN) 22530
942 ## - ADDED ENTRY ELEMENTS (KOHA)
Koha item type წიგნი
Source of classification or shelving scheme
ეგზემპლარები
ჩამოწერის სტატუსი დაკარგული ეგზემპლარის სტატუსი კლასიფიკაციის წყარო ან თაროზე გაწყობის სქემა დაზიანების სტატუსი არ გაიცემა მუდმივი მდებარეობა (დაცვის ადგილი) ამჟამინდელი ადგილსამყოფელი თაროზე განთავსების ადგილი შეძენის თარიღი ღირებულება, შესყიდვის ნორმალური ფასი სრული შენახვის შიფრი შტრიხკოდი ბოლო ოპერაციის თარიღი ეგზემპლარის მიმდევრობითი ნომერი (კეტერი?) ფასის ძალაში შესვლის თარიღი ეგზემპლარის სახეობა საჯარო შენიშვნა
          ბათუმის შოთა რუსთაველის სახელმწიფო უნივერსიტეტის მთავარი ბიბლიოთეკა ბათუმის შოთა რუსთაველის სახელმწიფო უნივერსიტეტის მთავარი ბიბლიოთეკა წიგნსაცავი 2018-12-17 2.00 27-788-055.1 გ-212 26902 2018-12-17 26902 2018-12-17 წიგნი 2.00 ₾.